000 00434nam a2200157 i 4500
001 89292
003 ES-MaACL
005 20230906180135.0
007 t|
008 050105s1910 fr ||||1| fre d
100 1 _aLapauze, Henry.
_970138
245 1 3 _aLe roman d'amour de M. Ingres /
_cHenry Lapauze.
260 _a[S.l. :
_bs.n.,
_c1910] (
_eEtampes :
_fImp. La Semenze)
300 _a336 p. ;
_c19 cm.
852 _aES-MaACL
_jF-7730
999 _c89292
_d89292